|
|
|
|
| LEADER |
00000nam1a2200000 4500 |
| 001 |
236034 |
| 005 |
20231031204527.0 |
| 035 |
|
|
|a (RuTPU)RU\TPU\book\257179
|
| 035 |
|
|
|a RU\TPU\book\164453
|
| 090 |
|
|
|a 236034
|
| 100 |
|
|
|a 20130418d1891 km y0rusy50 ca
|
| 101 |
0 |
|
|a rus
|
| 102 |
|
|
|a RU
|
| 200 |
1 |
|
|a Сочинения
|e [в 8 т.]
|f М. В. Ломоносов
|
| 210 |
|
|
|a Санкт-Петербург
|c Типография Императорской Академии наук
|d 1891-1948
|
| 700 |
|
1 |
|a Ломоносов
|b М. В.
|c ученый-естествоиспытатель, поэт, историк, художник, деятель просвещения, науки и экономики
|f 1711-1765
|g Михаил Васильевич
|2 stltpush
|3 (RuTPU)RU\TPU\pers\975
|
| 801 |
|
1 |
|a RU
|b 63413507
|c 20090126
|g PSBO
|
| 801 |
|
2 |
|a RU
|b 63413507
|c 20130418
|g PSBO
|
| 942 |
|
|
|c BK
|